| 000 | 00874nam a22002055i 4500 | ||
|---|---|---|---|
| 001 | 157540 | ||
| 003 | ES-MaACL | ||
| 005 | 20230906210726.0 | ||
| 008 | 040830s1878 sp |||| | spa d | ||
| 040 |
_aCAM _bspa _cCAM |
||
| 100 | 1 |
_aLeonard, José. _9128880 |
|
| 245 | 1 | 0 |
_aModerna literatura polaca y José Ignacio Kraszewski _b: 13ª conferencia (6 de mayo de 1878) / _cpor José Leonard. |
| 260 |
_aMadrid : _b[s.n.], _c1878 ( _fEstablecimiento tipográfico de los señores J. C. Conde y Compañía) |
||
| 300 |
_ap. 291-299 ; _c23 cm. |
||
| 594 | _aPrecede al tit.:Institución Libre de Enseñanza. | ||
| 595 | _aEn port. consta: Tomada de la Revista de España. | ||
| 650 | 4 |
_aLiteratura polaca. _9136430 |
|
| 852 |
_aES-MaACL _jFol-Laf-453 _z-- Rúst. |
||
| 852 |
_aES-MaACL _jT-563-F-5 _z-- Enc. hol., conservando la enc. original _z-- Enc. en un vol. facticio |
||
| 999 |
_c157540 _d157540 |
||